Le Haut-Rhin en images - Statistiques

Statistiques générales
  • Ce quiz a été pris 101 fois
  • Le résultat moyen est 10 sur 18
Statistiques - réponses
Par images Hint Réponse % Correct
Spécialité culinaire Choucroute garnie
99%
Spécialité culinaire Flammekueche
95%
Infrastructure franco-suisse EuroAirport
82%
Lieu le plus visité du département Parc zoologique et botanique de Mulhouse
78%
Ancienne centrale nucléaire Centrale nucléaire de Fessenheim
77%
Point culminant du département Le Grand Ballon
74%
Œuvre du sculpteur Statue de la Liberté
70%
Sculpteur célèbre Auguste Bartholdi
68%
Chanteur Claudio Capéo
60%
Handballeur Thierry Omeyer
60%
Quartier de Colmar Petite Venise
59%
Parc d'attraction à thème Parc du Petit Prince
49%
Spécialité culinaire Fleischnaka
38%
Monument de la première guerre mondiale Hartmannswillerkopf
35%
Spécialité culinaire Carpe frite
33%
Prix Nobel de la Paix Albert Schweitzer
25%
Footballeur algérien Ryad Boudebouz
19%
Volcanologues Katia et Maurice Kraft
18%
Aucun quiz correspondant
Distribution des résultats
% des personnes avec chaque résultat
Percentile par nombre de réponses
Votre historique - résultats
Vous n’avez pas pris ce quiz